Chemical applications of graph theory /
Guardado en:
| Otros Autores: | |
|---|---|
| Formato: | Libro |
| Idioma: | English |
| Publicado: |
London :
Academic Press,
1976.
|
| Materias: | |
| Etiquetas: |
Agregar Etiqueta
Sin Etiquetas, Sea el primero en etiquetar este registro!
|
| LEADER | 00760nam a22002295a 4500 | ||
|---|---|---|---|
| 001 | EIQ.libpla002053 | ||
| 008 | 770117s1976####enka#####b####001#0#eng#d | ||
| 005 | 20070404154049.0 | ||
| 245 | 0 | 0 | |a Chemical applications of graph theory / |c edited by A. T. Balaban. |
| 260 | |a London : |b Academic Press, |c 1976. | ||
| 300 | |a 389 p. : |b il. ; |c 24 cm. | ||
| 504 | |a Incluye referencias bibliográficas e índice. | ||
| 020 | |a 0120760509 | ||
| 700 | 1 | |a Balaban, A. T., |e ed. |4 edt | |
| 082 | 0 | 0 | |a 540/.1/5115 |
| 650 | 4 | |a Química |x Matemáticas. | |
| 650 | 4 | |a Química |x Teoría de grafos. | |
| 650 | 0 | |a Chemistry |x Mathematics. | |
| 650 | 0 | |a Chemistry |x Graph theory. | |
| 010 | |a 75019615 | ||
| 040 | |a DLC |c DLC |d AR-BbSID | ||
| 859 | |a AR-BbSID |b BIB. PLAPIQUI |h 660.281 |i Ch 94 |p 2086 | ||
